| 000 | 00632nam a2200193 a 4500 | ||
|---|---|---|---|
| 005 | 20240924070411.0 | ||
| 008 | 050302s2004 mx 000 0 spa d | ||
| 035 | _aUPN01000137714 | ||
| 049 | _aCG | ||
| 050 | 4 |
_aHG3881 _bE2.5 |
|
| 245 | 0 | 0 |
_aEconomía financiera contemporánea / _ccoord. Eugenia Correa. |
| 260 |
_aMéxico : _bMiguel Angel Porrúa : _bSenado de la República, LIX Legislatura, _c2004. |
||
| 300 |
_a4 v. : _bcuadros |
||
| 440 | 4 |
_aCiencias sociales. _pSegunda década |
|
| 650 | 4 |
_aFinanzas internacionales _912047 |
|
| 650 | 4 |
_aFINANZAS - _zMEXICO _98498 |
|
| 700 | 1 |
_aCorrea, Eugenia, _ecoord. |
|
| 905 | _aLibro | ||
| 999 |
_c109865 _d109865 |
||